000 00397nam a2200169Ia 4500
999 _c18013
_d18013
003 0100
005 20190702155615.0
008 130303s9999 xx 000 0 und d
040 _cARRUPELIB
050 _aHC800.A6481996
100 _aAke, Claude
_946806
245 _aDemocracy and Development in Africa
260 _aWashington, D.C.
_bThe Brookings Institution
_c1996
300 _a173p
650 _aEconomic Development
_xPolitical Aspects
_946807
650 _a Africa
_xPolitics
_915215
650 _a Government
_xDemocracy
_y1960
_zAfrica
_946808
650 _aAfrica
_xColonial Influences
_946809
942 0 0 _01
_2lcc
_cMONOGRAPH